00389 a2200133 4500020001500000040001300015082001500028100001300043245009100056260003100147300002200178500001900200650003600219 a9695080170 aDLCbDLC a491.439321 aM. Zaman a21st Century Practical Dictionary English to English and UrducM. Zaman, Naveed Akhtar aLahore:bRabia Book House. a1000 p. ;c25 cm. aIncludes Index aEnglish language--Dictionaries.